LEADER 01326nam 2200397 450 001 000011860 005 20070503173400.0 010 $a884590184X 100 $a20021011d1973----km-y0itay0103----ba 101 0 $aita 102 $aIT 200 1 $aSiddharta$fHermann Hesse$gtraduzione di Massimo Mila 200 1 $a1 $n0005077 210 $aMilano$cAdelphi$dc1973 215 $a197 p.$d18 cm. 225 2 $aPiccola Biblioteca Adelphi$v32 300 $aIn cop.: Siddarta: romanzo 410 0$12001$aPiccola Biblioteca Adelphi 676 $a833.91$v(20. ed.)$9Narrativa tedesca, 1900-2000 700 1$aHesse,$bHermann$0131876 702 1$aMila,$bMassimo 801 0$aIT$bUniversità della Basilicata - B.I.A.$gRICA$2unimarc 912 $a000011860 996 $aSiddhartha$91134682 997 $aUNIBAS BAS $aLETTERE CAT $aDILEO$b20$c20021011$lBAS01$h1048 CAT $aDILEO$b20$c20021011$lBAS01$h1113 CAT $c20050601$lBAS01$h1754 CAT $abatch$b01$c20050718$lBAS01$h1051 CAT $c20050718$lBAS01$h1110 CAT $c20050718$lBAS01$h1140 CAT $c20050718$lBAS01$h1154 CAT $aBATCH$b00$c20070503$lBAS01$h1734 FMT Z30 -1$lBAS01$LBAS01$mBOOK$1BASA1$APolo Storico-Umanistico$2DID$BDidattica$3FP/98936$698936$5L98936$820021011$f04$FPrestabile Didattica LEADER 00952cam2-2200337---450 001 990005890420403321 005 20181120105225.0 010 $a84-298-0464-1 035 $aFED01000589042 035 $a(Aleph)000589042FED01 035 $a000589042 100 $a20000421d1980----km-y0itay50------ba 101 0 $acat 102 $aES 105 $aa-------001yy 200 1 $a<<3.: >> Costums i creences$fJoan Amades 205 $a2. ed. 210 $aBarcelona$cSelecta$d1980 215 $a1424 p.$cill.$d21 cm 225 1 $aBiblioteca perenne$v24 461 0$1001000588971$12001$aFolklore de Catalunya$v03 610 0 $aFolclore$aSpagna$aCatalogna 676 $a398.0946$v22 700 1$aAmades,$bJoan$f<1890-1959>$0224295 801 0$aIT$bUNINA$gRICA$2UNIMARC 901 $aBK 912 $a990005890420403321 952 $a398.094 AMA 1 (3)$bBibl.32049$fFLFBC 959 $aFLFBC 996 $aCostums i creences$91535939 997 $aUNINA